000 00480nam a22001457a 4500
003 MACL
005 20190421164005.0
008 190421b xxu||||| |||| 00| 0 eng d
040 _cMACL
100 _aबाली,सूर्यकान्‍त
_974367
245 _aभारत को समझने की शर्तें
260 _aदिल्‍ली
_bप्रभात प्रकाशन
_c2016
650 _aराजनीति
_974368
942 _2ddc
_cHIN
999 _c59416
_d59416